Statistics for Airport Country by IATA Code Quiz

Click here to take the quiz!

General Stats

  • This quiz has been taken 37 times
  • The average score is 16 of 20

Answer Stats

Airport's IATA CodeCountry of Origin% Correct
ATLUnited States of America
100%
HKGHong Kong / China
94%
LAXUnited States of America
94%
PEKChina
91%
ISTTurkey
91%
LHRUnited Kingdom
91%
FRAGermany
88%
ORDUnited States of America
88%
CDGFrance
85%
AMSNetherlands
85%
SINSingapore
82%
DXBUnited Arab Emirates
82%
DFWUnited States of America
82%
DELIndia
76%
HNDJapan
74%
DENUnited States of America
74%
ICNSouth Korea
62%
PVGChina
59%
CGKIndonesia
50%
CANChina
44%

Score Distribution

Percentile by Number Answered

Percent of People with Each Score

Your Score History

You have not taken this quiz